00856nam a22002057a 4500999001900000005001700019010001300036020002500049035001200074037001600086082001500102100003000117245010900147246006400256260004700320270009500367300002200462942003000484952013600514 c188268d18826820220513163013.0 aUR-11562 c300.00a978938724830 aU-10117 bDBAD/PUBa- a921.82Ist aرضو ا نہ بيگم  aفکر تو نسو ی کی تصا نيف -ا يک جا يز ہ cرضو ا نہ بيگم hا ر د و  bFikr Tounsvi Ki Tasaaneef Ek Jayeza(Urdu)aby Rizwana Begum aHyderabad bTanveer Publishers c2021 ء  aAsst. Professor wa Sadar Shoeba Urdu Govt. City College,bHyderabade500023k8341654006l- a160 صc22 Cm(Hb) 2ddccURh921.8mر ض و  001040718NFICaDBADbLd2022-05-13eDBAD/PUBg300.00l0o921.8 ر ض وpU-10117r2022-05-13 00:00:00t1v300.00w2022-05-13yUR